Consumer energy conservation policies in the United States and the Pacific Northwest region

Salvato in:
Dettagli Bibliografici
Autore principale: Olsen, Marvin E.
Natura: Libro
Lingua:inglese
Pubblicazione: Berlin Internationales Institut für Umwelt und Gesellschaft 1982
Tags: Aggiungi Tag
Nessun Tag, puoi essere il primo ad aggiungerne!!

MARC

LEADER 00000nam a2200000 4500
001 c114555
005 20190207163758.7
041 0 |a eng 
044 |a DE 
245 1 0 |a Consumer energy conservation policies in the United States and the Pacific Northwest region  |c Marvin E. Olsen 
264 1 |a Berlin  |b Internationales Institut für Umwelt und Gesellschaft  |c 1982 
300 |a 111 s. 
100 1 |a Olsen, Marvin E.